000 00287nam a2200109Ia 4500
008 171211s9999 xx 000 0 und d
245 _aAfter the Cheering Stops
245 _cCyndy Feasel
260 _c2016
650 _xBiography
856 _uhttp://down.ebook777.com/060/0718088301.pdf
999 _c349956
_d349956